Diarios. Conferencias /
Guardado en:
| Autor Principal: | |
|---|---|
| Otros Autores: | |
| Formato: | Libro |
| Idioma: | Undetermined |
| Publicado: |
Madrid :
Gredos,
2014.
|
| Series: | Grandes pensadores
|
| Materias: | |
| Etiquetas: |
Agregar Etiqueta
Sin Etiquetas, Sea el primero en etiquetar este registro!
|
| LEADER | 00778nam a22001935a 4500 | ||
|---|---|---|---|
| 001 | CEM.cems020580 | ||
| 008 | 231025s2014####sp############000#0#und#d | ||
| 005 | 20231025195150.0 | ||
| 245 | 1 | 0 | |a Diarios. Conferencias / |c Ludwig Wittgenstein ; prólogo de Luis Fernando Moreno Claros. |
| 260 | |a Madrid : |b Gredos, |c 2014. | ||
| 300 | |a 496 p. | ||
| 490 | 1 | |a Grandes pensadores | |
| 505 | 0 | |a Diario filosófico (1914-1916) -- Diarios secretos -- Movimientos del pensar. Diarios (193-1932/1936-1937) -- Observaciones a "La rama dorada" de Frazer -- Zettel | |
| 020 | |a 9788447378784 | ||
| 100 | 1 | |a Wittgenstein, Ludwig. | |
| 700 | 1 | |a Moreno Claros, Luis Fernando; pról. | |
| 653 | |a Filosofía | ||
| 653 | |a Filosofía analítica | ||
| 859 | |a CEMS |b BIB. CEMS - 11 de abril |h 193 |i W784-2 |p 29775.23 |t Ej.1 | ||
